[Event "IX EICC"]
[Site "Plovdiv BUL"]
[Date "2008.04.26"]
[Round "6"]
[White "Beinoras,M"]
[Black "Delchev,A"]
[Result "0-1"]
[WhiteElo "2339"]
[BlackElo "2639"]
[EventDate "2008.04.21"]

1. d4 e6 2. Nf3 c5 3. c4 cxd4 4. Nxd4 Nf6 5. Nc3 Nc6 6. g3 Qb6 7. Ndb5 Ne5
8. Bg2 a6 9. Qa4 Rb8 10. Na3 Be7 11. O-O O-O 12. Bf4 d6 13. b4 Qc7 14. Rac1
Ng6 15. Be3 b6 16. h3 Bb7 17. Bxb7 Qxb7 18. Qb3 Rfc8 19. b5 a5 20. Na4 Nd7
21. Nc2 Nc5 22. Nxc5 dxc5 23. Ne1 Rd8 24. Ng2 Rd7 25. Rcd1 Rbd8 26. Rxd7
Qxd7 27. Bc1 Bf6 28. Ne3 Bd4 29. Nc2 Be5 30. Bg5 f6 31. Bc1 Ne7 32. Ne3 Nf5
33. Nxf5 exf5 34. Be3 h5 35. h4 f4 36. Bc1 fxg3 37. fxg3 Qg4 38. Rf3 0-1

[Event "IX EICC"]
[Site "Plovdiv BUL"]
[Date "2008.04.26"]
[Round "6"]
[White "Lysyj,I"]
[Black "Petkov,V"]
[Result "1-0"]
[WhiteElo "2595"]
[BlackElo "2415"]
[EventDate "2008.04.21"]

1. d4 Nf6 2. c4 e6 3. Nc3 Bb4 4. Qc2 O-O 5. a3 Bxc3+ 6. Qxc3 d6 7. Nf3 Nbd7
8. g3 Re8 9. Bg2 e5 10. dxe5 dxe5 11. O-O c5 12. b3 e4 13. Ne1 Ne5 14. Nc2
Nc6 15. Bb2 Bg4 16. Rfe1 Qc8 17. Rad1 Qe6 18. b4 b6 19. b5 Ne7 20. Ne3 Rad8
21. Nxg4 Qxg4 22. f3 Qe6 23. fxe4 Ng6 24. Rxd8 Rxd8 25. e5 Ng4 26. Bd5 Qxe5
27. Bxf7+ Kf8 28. Qxe5 N6xe5 29. Bd5 Re8 30. Rf1+ Nf6 31. e4 Ned7 32. Bc6
Ke7 33. e5 Ng4 34. e6 Kxe6 35. Re1+ Kf7 36. Rd1 1-0

[Event "IX EICC"]
[Site "Plovdiv BUL"]
[Date "2008.04.26"]
[Round "6"]
[White "Novikov,St1"]
[Black "Loeffler,S"]
[Result "1/2-1/2"]
[WhiteElo "2564"]
[BlackElo "2409"]
[EventDate "2008.04.21"]

1. c4 Nf6 2. Nc3 c6 3. e4 e5 4. Nf3 Bb4 5. Nxe5 O-O 6. Nd3 Bxc3 7. dxc3
Nxe4 8. Be2 d6 9. O-O Nd7 10. Bf4 Nb6 11. f3 Ng5 12. Nb4 a5 13. Nc2 d5 14.
Be3 h6 15. b3 Bf5 16. Bd3 Bxd3 17. Qxd3 Ra6 18. Rad1 Qc8 19. Bxb6 Rxb6 20.
Ne3 dxc4 21. Nxc4 Ra6 22. Rfe1 b5 23. Ne5 Re8 24. f4 Ne6 25. Qf5 Ra7 26.
Rd6 c5 27. g3 Rc7 28. Red1 c4 29. bxc4 bxc4 30. h4 Nc5 31. Qxc8 Rcxc8 32.
R6d4 Na4 33. Rc1 Nb2 34. Rc2 f6 35. Rxb2 fxe5 36. Rd5 Rcd8 37. Rxd8 Rxd8
38. fxe5 Rd3 39. Rb5 Rxc3 40. Rxa5 Rxg3+ 41. Kf2 Rh3 42. Ra7 Rxh4 43. Ke3
Rg4 44. a4 c3 45. Kd3 Rc4 46. Kc2 h5 47. a5 Re4 48. Re7 Kf8 49. Rb7 Ra4 50.
Ra7 h4 51. e6 h3 52. Kxc3 h2 53. Ra8+ Ke7 54. Rh8 Ra2 55. Kd4 Kxe6 56. Ke4
Kf6 57. Kf4 Rxa5 58. Rxh2 Rd5 59. Kg3 Kg5 60. Rb2 Rd3+ 61. Kg2 Re3 62. Rb4
Kf5 63. Rh4 Re4 64. Rh7 g5 65. Rh3 Kg4 66. Rg3+ Kf5 67. Ra3 Rd4 68. Kf3
1/2-1/2

[Event "IX EICC"]
[Site "Plovdiv BUL"]
[Date "2008.04.26"]
[Round "6"]
[White "Pileckis,E"]
[Black "Jankovic,A"]
[Result "1-0"]
[WhiteElo "2403"]
[BlackElo "2528"]
[EventDate "2008.04.21"]

1. Nf3 c5 2. c4 Nf6 3. d4 cxd4 4. Nxd4 e6 5. Nc3 Bb4 6. Qc2 Nc6 7. Nxc6
bxc6 8. a3 Be7 9. e4 d5 10. cxd5 cxd5 11. Bb5+ Bd7 12. e5 Ng4 13. Qe2 Nxe5
14. Qxe5 Bxb5 15. Nxb5 Qa5+ 16. Nc3 Bf6 17. Qe3 d4 18. Qe4 Rc8 19. b4 Qd8
20. Nd1 d3 21. Bb2 Bxb2 22. Nxb2 Qf6 23. Rb1 Qc3+ 24. Kf1 Qxa3 25. Nxd3 O-O
26. g3 Rfd8 27. Nf4 Qc3 28. Kg2 Rd4 29. Qb7 Rc7 30. Qb5 Rd8 31. Rhd1 Rdc8
32. Rd7 h6 33. Ne2 Qc2 34. Rc1 Qe4+ 35. f3 Qxe2+ 36. Qxe2 Rxc1 37. Qd3 g6
38. Rxa7 1-0

[Event "IX EICC"]
[Site "Plovdiv BUL"]
[Date "2008.04.26"]
[Round "6"]
[White "Rusev,K"]
[Black "Marholev,D"]
[Result "1-0"]
[WhiteElo "2516"]
[BlackElo "2400"]
[EventDate "2008.04.21"]

1. d4 Nf6 2. c4 e6 3. Nf3 c5 4. d5 exd5 5. cxd5 d6 6. Nc3 g6 7. h3 a6 8. a4
Qe7 9. Bf4 Bg7 10. Nd2 O-O 11. Nc4 Rd8 12. e3 Ne8 13. Bd3 Nd7 14. O-O Rb8
15. e4 Ne5 16. Nxe5 Bxe5 17. Bxe5 Qxe5 18. Qe2 Nf6 19. f4 Qd4+ 20. Rf2 Re8
21. Rd1 Bf5 22. Qf1 Bg4 23. Rdd2 Qe3 24. Bc2 c4 25. Qxc4 Bxh3 26. Rde2 Qg3
27. Rf3 Qg4 28. Qd3 Nh5 29. Qe3 b5 30. axb5 axb5 31. Ref2 b4 32. Ne2 Bxg2
33. Rxg2 Qh4 34. Rh3 Qe1+ 35. Kh2 b3 36. Bd3 Nf6 37. Nc3 Qxe3 38. Rxe3 h5
39. Kg3 Ng4 40. Re1 Rb4 41. Nb5 Rd8 42. Ra1 f5 43. Re2 Nf6 44. exf5 gxf5
45. Nc3 h4+ 46. Kxh4 Rxf4+ 47. Kg5 Rg4+ 48. Kxf6 Rf8+ 49. Ke7 1-0

[Event "IX EICC"]
[Site "Plovdiv BUL"]
[Date "2008.04.26"]
[Round "6"]
[White "Czebe,A"]
[Black "Willemze,T"]
[Result "1-0"]
[WhiteElo "2513"]
[BlackElo "2399"]
[EventDate "2008.04.21"]

1. d4 Nf6 2. Nf3 e6 3. e3 d5 4. Bd3 c5 5. b3 Nc6 6. Bb2 cxd4 7. exd4 Bd6 8.
O-O Qc7 9. a3 Ng4 10. h3 Nh2 11. Nxh2 Bxh2+ 12. Kh1 Bd6 13. c4 Ne7 14. Nc3
Qd8 15. Qh5 Bb8 16. Rfe1 dxc4 17. Bxc4 O-O 18. d5 Qd6 19. f4 Nf5 20. Qf3
exd5 21. Bxd5 a6 22. Ne4 Qg6 23. g4 Nd6 24. f5 Qh6 25. Bc1 1-0

[Event "IX EICC"]
[Site "Plovdiv BUL"]
[Date "2008.04.26"]
[Round "6"]
[White "Georgescu,T"]
[Black "Tukhaev,A"]
[Result "1-0"]
[WhiteElo "2384"]
[BlackElo "2512"]
[EventDate "2008.04.21"]

1. d4 Nf6 2. c4 g6 3. Nc3 Bg7 4. Nf3 O-O 5. Bg5 c5 6. d5 h6 7. Bh4 d6 8. e3
b5 9. cxb5 a6 10. Nd2 Nbd7 11. e4 axb5 12. Bxb5 Ba6 13. Bxa6 Rxa6 14. O-O
Qb8 15. Qe2 Ra8 16. Nc4 Re8 17. f4 e6 18. dxe6 Rxe6 19. Qf3 Nxe4 20. Nxe4
d5 21. Ng5 hxg5 22. fxg5 Re7 23. Qxd5 Ra6 24. Rae1 Rae6 25. Rxe6 fxe6 26.
Qe4 Kh7 27. Bg3 e5 28. h4 1-0

[Event "IX EICC"]
[Site "Plovdiv BUL"]
[Date "2008.04.26"]
[Round "6"]
[White "Heberla,B"]
[Black "Ris,R"]
[Result "1/2-1/2"]
[WhiteElo "2509"]
[BlackElo "2395"]
[EventDate "2008.04.21"]

1. c4 Nf6 2. Nc3 d5 3. cxd5 Nxd5 4. g3 g6 5. Bg2 Nxc3 6. bxc3 Bg7 7. Rb1
Nc6 8. Nf3 Qd7 9. d4 b6 10. Bf4 Bb7 11. Ne5 Bxe5 12. Bxe5 Nxe5 13. Bxb7 Rb8
14. Ba6 b5 15. dxe5 Qc6 16. Bxb5 Rxb5 17. O-O O-O 18. Qa4 a6 19. Rfd1 Qxc3
20. Rxb5 axb5 21. Qxb5 c6 22. Qb7 Qxe5 23. e3 c5 24. Qd5 1/2-1/2

[Event "IX EICC"]
[Site "Plovdiv BUL"]
[Date "2008.04.26"]
[Round "6"]
[White "Saric,A"]
[Black "Bykhovsky,An ISR"]
[Result "0-1"]
[WhiteElo "2505"]
[BlackElo "2394"]
[EventDate "2008.04.21"]

1. Nf3 Nf6 2. c4 g6 3. Nc3 d5 4. cxd5 Nxd5 5. Qa4+ Bd7 6. Qb3 Nb6 7. d4 Bg7
8. Bf4 O-O 9. e3 a5 10. Be2 Nc6 11. O-O Nb4 12. a3 Be6 13. Qd1 N4d5 14. Bg3
c6 15. Ne4 Bc8 16. Qd2 a4 17. h3 Nf6 18. Nxf6+ exf6 19. Rac1 Re8 20. Ne1
Bh6 21. Qc2 Nd5 22. Bf3 Bf5 23. Qd1 Rxe3 24. Bxd5 Rxg3 25. Rc5 Rg5 26. Bf3
Be6 27. Rxg5 fxg5 28. Nc2 Bg7 29. Qe2 Bb3 30. Rd1 h5 31. Rd2 Qd7 32. Ne3
Bxd4 33. Bxh5 gxh5 34. Qxh5 Ra5 35. Ng4 Qd6 36. h4 Rc5 37. g3 Qxg3+ 0-1

[Event "IX EICC"]
[Site "Plovdiv BUL"]
[Date "2008.04.26"]
[Round "6"]
[White "Kosic,D"]
[Black "Chudinovskikh,A"]
[Result "1-0"]
[WhiteElo "2500"]
[BlackElo "2392"]
[EventDate "2008.04.21"]

1. d4 Nf6 2. Nf3 c5 3. e3 e6 4. Bd3 d5 5. b3 Nc6 6. O-O Bd6 7. Bb2 O-O 8.
c4 Nb4 9. Be2 Ne4 10. a3 Nc6 11. dxc5 Bxc5 12. b4 Be7 13. cxd5 exd5 14. Nd4
Ne5 15. Nd2 Nd6 16. Qb3 Ne8 17. N2f3 Ng6 18. Rfd1 Nf6 19. Rac1 a6 20. b5
axb5 21. Nxb5 Bd7 22. Bxf6 Bxf6 23. Qxd5 Bc6 24. Qxd8 Rfxd8 25. Rxd8+ Rxd8
26. Nfd4 Bxb5 27. Nxb5 Ne5 28. Kf1 g6 29. f4 Nc6 30. Bf3 Na5 31. Rc2 b6 32.
Ke2 Be7 33. Rc3 Kf8 34. g4 h6 35. h3 g5 36. Be4 Bf6 37. Rc7 Kg7 38. Bd3 Re8
39. Nd6 Re6 40. Nf5+ Kf8 41. Rc8+ Re8 42. Rxe8+ Kxe8 43. Nxh6 Bb2 44. a4 f6
45. Nf5 Nb7 46. h4 gxh4 47. Nxh4 Nc5 48. Nf3 Ke7 49. Bc2 Ne6 50. Nd2 Ba3
51. Nc4 Bc5 52. Be4 Nd8 53. Bd5 Kd7 54. Kd3 Ke7 55. Ke4 Kf8 56. Kf5 Kg7 57.
g5 fxg5 58. Kxg5 Be7+ 59. Kf5 Kh6 60. Nxb6 1-0

[Event "IX EICC"]
[Site "Plovdiv BUL"]
[Date "2008.04.26"]
[Round "6"]
[White "Colovic,A"]
[Black "Bogdanovski,V"]
[Result "1/2-1/2"]
[WhiteElo "2493"]
[BlackElo "2391"]
[EventDate "2008.04.21"]

1. d4 Nf6 2. c4 e6 3. Nc3 Bb4 4. Qc2 c5 5. dxc5 Bxc5 6. Nf3 Qb6 7. e3 Qc7
8. Be2 a6 9. O-O b6 10. b3 Bb7 11. Bb2 Be7 12. Rfd1 d6 13. Rac1 Nbd7 14.
Nd4 O-O 15. Bf3 1/2-1/2

[Event "IX EICC"]
[Site "Plovdiv BUL"]
[Date "2008.04.26"]
[Round "6"]
[White "Vehi Bach,V"]
[Black "Skoberne,J"]
[Result "1/2-1/2"]
[WhiteElo "2381"]
[BlackElo "2492"]
[EventDate "2008.04.21"]

1. e4 d6 2. d4 Nf6 3. Nc3 g6 4. Be3 c6 5. Qd2 b5 6. Bd3 Nbd7 7. Nf3 e5 8.
dxe5 dxe5 9. h3 Bb7 10. O-O Bg7 11. a4 a6 12. Ne2 Qe7 13. Ng3 Nc5 14. axb5
cxb5 15. b4 Nxd3 16. cxd3 Nd7 17. Rac1 Qd6 18. d4 O-O 19. Bh6 exd4 20. Bxg7
Kxg7 21. Nxd4 Kg8 22. Rcd1 Rfd8 23. Nb3 Qxd2 24. Rxd2 Nf6 25. Rxd8+ Rxd8
26. Nc5 Bc8 27. e5 Ne8 28. Ra1 Nc7 29. Nge4 Rd4 30. Nd6 Be6 31. Nxa6 Nxa6
32. Rxa6 Rxb4 33. g4 Rb1+ 34. Kh2 Kf8 35. Rb6 b4 36. f4 Ke7 37. Rb7+ Bd7
38. Nxf7 b3 39. f5 gxf5 40. gxf5 Kxf7 41. Rxd7+ Ke8 42. Rb7 Re1 43. Rxb3
Rxe5 44. Rf3 Kf7 45. Kg3 Kf6 46. Kg4 h5+ 1/2-1/2

[Event "IX EICC"]
[Site "Plovdiv BUL"]
[Date "2008.04.26"]
[Round "6"]
[White "Tratar,M"]
[Black "Kukov,V"]
[Result "1/2-1/2"]
[WhiteElo "2477"]
[BlackElo "2365"]
[EventDate "2008.04.21"]

1. Nf3 d6 2. c4 g6 3. d4 Bg7 4. Nc3 Bg4 5. e3 Nf6 6. Be2 O-O 7. O-O Re8 8.
h3 Bf5 9. b3 e5 10. dxe5 Ne4 1/2-1/2

[Event "IX EICC"]
[Site "Plovdiv BUL"]
[Date "2008.04.26"]
[Round "6"]
[White "Hoffmann,Mi1"]
[Black "Beckhuis,G"]
[Result "1/2-1/2"]
[WhiteElo "2471"]
[BlackElo "2350"]
[EventDate "2008.04.21"]

1. e4 e5 2. Nf3 Nc6 3. Bb5 a6 4. Ba4 Nf6 5. O-O Be7 6. Re1 b5 7. Bb3 O-O 8.
a4 b4 9. d3 Re8 10. Nbd2 Bf8 11. Nc4 h6 12. d4 Nxd4 13. Nxd4 exd4 14. e5 d5
15. exf6 Rxe1+ 16. Qxe1 dxc4 17. fxg7 cxb3 18. gxf8=Q+ Qxf8 19. Qe4 Rb8 20.
cxb3 c5 21. Qc6 Bb7 22. Qc7 Re8 23. Bxh6 Qxh6 24. Qxb7 Qd2 25. Rf1 d3 26.
Qf3 Re1 27. Qg4+ Kf8 28. Qc8+ Kg7 29. Qg4+ Kf6 30. Qh4+ Kg6 31. Qg4+ Kf6
32. Qh4+ Ke6 33. Qc4+ Kf6 1/2-1/2

[Event "IX EICC"]
[Site "Plovdiv BUL"]
[Date "2008.04.26"]
[Round "6"]
[White "Pesotsky,V"]
[Black "Jakovljevic,Vlado"]
[Result "1-0"]
[WhiteElo "2371"]
[BlackElo "2463"]
[EventDate "2008.04.21"]

1. e4 c5 2. Nf3 d6 3. d4 cxd4 4. Nxd4 Nf6 5. Nc3 a6 6. Be2 e6 7. O-O Be7 8.
Kh1 O-O 9. f4 Nc6 10. Be3 Qc7 11. Nxc6 bxc6 12. Qe1 Rb8 13. b3 Nd7 14. e5
dxe5 15. fxe5 Bb4 16. a3 Bc5 17. Bf4 Bd4 18. Qg3 Bxe5 19. Ne4 f5 20. Ng5
Bxf4 21. Rxf4 Nf6 22. Re1 h6 23. Nh3 Bd7 24. Ra4 Qxg3 25. hxg3 g5 26. Rxa6
Kg7 27. Bc4 Rbe8 28. Ra5 Ng4 29. Kg1 Kf6 30. Nf2 Nxf2 31. Kxf2 e5 32. Rd1
Re7 33. Rd6+ Kg7 34. Ra7 Rd8 35. Ba6 Re6 36. Rxe6 1-0

[Event "IX EICC"]
[Site "Plovdiv BUL"]
[Date "2008.04.26"]
[Round "6"]
[White "Damaso,R"]
[Black "Reutsky,S"]
[Result "1/2-1/2"]
[WhiteElo "2449"]
[BlackElo "2302"]
[EventDate "2008.04.21"]

1. e4 e6 2. d4 d5 3. Nd2 c5 4. Ngf3 cxd4 5. Nxd4 Nc6 6. Bb5 Bd7 7. Bxc6
bxc6 8. O-O Ne7 9. c4 Qc7 10. Qe2 Ng6 11. N2f3 c5 12. Nb5 Bxb5 13. cxb5 d4
14. Bd2 Be7 15. Rac1 Rd8 16. Qc4 Ne5 17. Nxe5 Qxe5 18. Rfe1 O-O 19. a4
1/2-1/2

[Event "IX EICC"]
[Site "Plovdiv BUL"]
[Date "2008.04.26"]
[Round "6"]
[White "Kotrotsos,V"]
[Black "Sarakauskas,G"]
[Result "0-1"]
[WhiteElo "2323"]
[BlackElo "2449"]
[EventDate "2008.04.21"]

1. e4 c5 2. Nf3 d6 3. Bb5+ Nd7 4. d4 Ngf6 5. Nc3 cxd4 6. Qxd4 e5 7. Qd3 h6
8. O-O Be7 9. Re1 O-O 10. Be3 a6 11. Bc4 Qc7 12. Bb3 b5 13. Nh4 Nc5 14.
Bxc5 dxc5 15. Nd5 Nxd5 16. Bxd5 Rd8 17. Qg3 Rb8 18. Rad1 Rb6 19. Nf3 Bf6
20. Rd2 c4 21. c3 Qe7 22. Red1 Rbd6 23. a3 Kf8 24. Kf1 g5 25. h3 h5 26. Nh2
g4 27. hxg4 Bg5 28. Re2 Bf4 29. Qh3 Rh6 30. g3 hxg4 31. Qg2 Bg5 32. Kg1 Kg7
33. Nf1 Rdh8 34. Ne3 Bxe3 35. fxe3 Qg5 36. Rf1 f6 37. Rff2 Rh3 38. Re1 R8h5
39. Kf1 Qh6 40. Ke2 Rh2 41. Qg1 Rxf2+ 0-1

[Event "IX EICC"]
[Site "Plovdiv BUL"]
[Date "2008.04.26"]
[Round "6"]
[White "Orlov,O2"]
[Black "Kozhuharov,S"]
[Result "1/2-1/2"]
[WhiteElo "2285"]
[BlackElo "2433"]
[EventDate "2008.04.21"]

1. Nf3 d5 2. d4 Nf6 3. c4 dxc4 4. e3 Bg4 5. Bxc4 e6 6. Nbd2 Nc6 7. Qa4 Bxf3
8. Nxf3 Bb4+ 9. Ke2 Bd6 10. Bb5 O-O 11. Bxc6 bxc6 12. Qxc6 Nd7 13. Bd2 f5
14. e4 fxe4 15. Qxe4 Qe8 16. Rhe1 Nf6 17. Qd3 Qh5 18. Kf1 Bxh2 19. Nxh2
Qxh2 20. Qh3 Qxh3 21. gxh3 Rfb8 22. b3 Kf7 23. Rac1 1/2-1/2

[Event "IX EICC"]
[Site "Plovdiv BUL"]
[Date "2008.04.26"]
[Round "6"]
[White "Kaplan,S"]
[Black "Logothetis,S"]
[Result "0-1"]
[WhiteElo "2428"]
[BlackElo "2291"]
[EventDate "2008.04.21"]

1. e4 c5 2. Nf3 d6 3. d4 cxd4 4. Nxd4 Nf6 5. Nc3 Nc6 6. Be2 e5 7. Nf3 h6 8.
O-O Be7 9. Re1 O-O 10. h3 a6 11. a4 Be6 12. Bf1 Qc7 13. b3 Rfd8 14. Nd5
Bxd5 15. exd5 Nb4 16. c4 a5 17. Bd2 b6 18. Nh2 Rac8 19. Rc1 Nh7 20. Ng4 Bg5
21. Ne3 g6 22. g3 h5 23. Kg2 Rf8 24. Be2 h4 25. Rf1 f5 26. f4 exf4 27. gxf4
Bf6 28. Kh2 Rf7 29. Rg1 Rg7 30. Rg2 Re8 31. Qg1 Nf8 32. Nc2 Nxc2 33. Rxc2
Kh7 34. Be3 Nd7 35. Bd3 Nc5 36. Bf1 Re4 37. Rce2 Qe7 38. Re1 Qe8 39. Rge2
Nd3 40. Bg2 Nxf4 41. Bxe4 Nxe2 42. Rxe2 Qxe4 43. Qg2 Re7 44. Qxe4 Rxe4 45.
Re1 Bc3 0-1

[Event "IX EICC"]
[Site "Plovdiv BUL"]
[Date "2008.04.26"]
[Round "6"]
[White "Muratet Casadevall,A"]
[Black "Llaneza Vega,M"]
[Result "0-1"]
[WhiteElo "2174"]
[BlackElo "2425"]
[EventDate "2008.04.21"]

1. e4 c5 2. c3 g6 3. Nf3 Nf6 4. e5 Nd5 5. Bc4 Nb6 6. Bb3 c4 7. Bc2 Bg7 8.
O-O Nc6 9. Re1 d6 10. exd6 Qxd6 11. d4 cxd3 12. Qxd3 Qxd3 13. Bxd3 O-O 14.
Be3 Rd8 15. Bb5 Bf5 16. Nbd2 Nd5 17. Bc5 e6 18. h3 Nf4 19. Ne4 Nd3 20. Bxd3
Rxd3 21. Nfd2 Rad8 22. Nf1 b6 23. Ba3 h5 24. Neg3 h4 25. Nxf5 gxf5 26. Nh2
Bf6 27. Nf3 Na5 28. Nd4 Nc4 29. Nc6 R8d7 30. Rab1 Nxa3 31. bxa3 Rxc3 32.
Ne5 Bxe5 33. Rxe5 Rd2 34. Rb4 Rc1+ 35. Kh2 Rcc2 36. Rxh4 Rxf2 0-1

[Event "IX EICC"]
[Site "Plovdiv BUL"]
[Date "2008.04.26"]
[Round "6"]
[White "Dinev,De"]
[Black "Cao Sang"]
[Result "1/2-1/2"]
[WhiteElo "2298"]
[BlackElo "2535"]
[EventDate "2008.04.21"]

1. e4 c5 2. Nf3 e6 3. Nc3 a6 4. g3 b5 5. Bg2 Bb7 6. d3 d6 7. O-O Nd7 8. Be3
Ngf6 9. h3 Be7 10. Qe2 O-O 11. Rad1 b4 12. Nb1 Qc7 13. Nbd2 a5 14. Rfe1 Nb6
15. Bf4 e5 16. Bg5 h6 17. Bxf6 Bxf6 18. h4 g6 19. Nc4 Na4 20. Nfd2 Bg7 21.
h5 Bc8 22. Kh2 Be6 23. Rh1 Ra7 24. Kg1 Qd8 25. Rf1 Qd7 26. Bf3 Rd8 27. Rh2
Qe8 28. Rh1 Kh8 29. Kg2 Kg8 30. Rh2 Re7 31. Rb1 g5 32. g4 Qb5 33. Rhh1 Red7
34. Rhe1 Qa6 35. Red1 Ra7 36. Re1 Rb8 37. Red1 Qc6 38. Re1 Bf8 39. Red1 Qa8
40. Re1 Rab7 41. Kg3 Rb5 42. Red1 R8b7 43. Rf1 Be7 44. Rfd1 Qb8 45. Kg2 Bd8
46. Rh1 Rd7 47. Rhe1 Bc7 48. Rh1 Rb7 49. Rhf1 Qd8 50. Rh1 Rb8 51. Nf1 Ra8
52. Nfe3 Nb6 53. Nd5 Nxc4 54. dxc4 Bxd5 55. exd5 a4 56. Be4 a3 57. b3 Qf8
58. Rh3 Bd8 59. Rf3 Qg7 60. Rh1 Raa7 61. Rhh3 Rab7 62. Bf5 Re7 63. Qe4 Ra7
64. Re3 Kh8 65. Rhf3 Re8 66. Re1 Kg8 67. Rb1 Ba5 68. Re3 Rae7 69. Rbe1 Kh8
70. Kh3 Kg8 71. Rg1 Kh8 1/2-1/2

[Event "IX EICC"]
[Site "Plovdiv BUL"]
[Date "2008.04.26"]
[Round "6"]
[White "Szabo,Krisz1"]
[Black "Nikolaidis,K"]
[Result "1-0"]
[WhiteElo "2507"]
[BlackElo "2299"]
[EventDate "2008.04.21"]

1. e4 e5 2. Nf3 Nc6 3. Bb5 a6 4. Ba4 Nf6 5. O-O Be7 6. Re1 b5 7. Bb3 d6 8.
c3 O-O 9. h3 Re8 10. d4 h6 11. Nbd2 Bf8 12. Nf1 Bd7 13. Bc2 g6 14. Ng3 Nh7
15. Be3 Ng5 16. Nh2 h5 17. dxe5 Ne6 18. exd6 Bxd6 19. Qd2 Qf6 20. e5 Nxe5
21. Ne4 Qe7 22. Nxd6 cxd6 23. b3 f5 24. Rad1 Nf7 25. Bd4 Bc6 26. f3 Qh4 27.
Bf2 Qf6 28. Re2 Rac8 29. Rde1 Bd7 30. Re3 Qg5 31. h4 Qf6 32. b4 Nc7 33. Nf1
Be6 34. Bb3 Kh7 35. R3e2 Kg8 36. Ne3 Bxb3 37. axb3 Kh7 38. Nd5 Qd8 39. Rxe8
Nxe8 40. Rxe8 1-0

[Event "IX EICC"]
[Site "Plovdiv BUL"]
[Date "2008.04.26"]
[Round "6"]
[White "Bratanov,Z"]
[Black "Haroutjunian,D"]
[Result "1-0"]
[WhiteElo "2440"]
[BlackElo "2293"]
[EventDate "2008.04.21"]

1. d4 Nf6 2. c4 e6 3. Nc3 Bb4 4. e3 O-O 5. Nge2 d5 6. a3 Be7 7. cxd5 exd5
8. b4 c6 9. Ng3 Re8 10. Be2 Bd6 11. O-O g6 12. f3 Qc7 13. Bd3 a5 14. b5 h5
15. e4 h4 16. Bg5 hxg3 17. Bxf6 Nd7 18. Bh4 Qb6 19. Bc2 Be5 20. Ne2 dxe4
21. fxe4 cxb5 22. Kh1 Bf6 23. Bxg3 a4 24. e5 Bg7 25. Nf4 Nf8 26. Nd5 Qd8
27. Nf6+ Bxf6 28. exf6 Re6 29. Bh4 Qd5 30. Qd2 Qh5 31. Bg3 Re2 32. Qd3 Bh3
33. Rf2 Rxf2 34. Bxf2 Bf5 35. Qd1 Bxc2 36. Qxc2 Nd7 37. d5 Qxd5 38. Rd1 Qe6
39. Qc7 Nxf6 40. Qxb7 Re8 41. Qxb5 Ng4 42. Bg1 Ra8 43. Rd4 Ne3 44. Rxa4 Rd8
45. Rh4 Nf5 46. Rh3 Kg7 47. Qb2+ f6 48. Qc2 Qd6 49. Rc3 Rd7 50. a4 Qb4 51.
Rc7 Rxc7 52. Qxc7+ Kh6 53. a5 Qa4 54. Qb6 Qh4 55. Bf2 Qh5 56. a6 Qd1+ 57.
Bg1 Qh5 58. Qb3 Qe2 59. a7 Qe4 60. Qf3 1-0

[Event "IX EICC"]
[Site "Plovdiv BUL"]
[Date "2008.04.26"]
[Round "6"]
[White "Bonev,T"]
[Black "Morchiashvili,B"]
[Result "0-1"]
[WhiteElo "2285"]
[BlackElo "2421"]
[EventDate "2008.04.21"]

1. e4 c6 2. d4 d5 3. e5 Bf5 4. Nc3 e6 5. g4 Bg6 6. Nge2 Nd7 7. h4 h5 8. Nf4
Ne7 9. Nxg6 Nxg6 10. Bd3 Ne7 11. gxh5 Qb6 12. Ne2 c5 13. c3 Nc6 14. Bc2
O-O-O 15. a3 Rxh5 16. Ng3 Rh8 17. Ba4 f6 18. f4 cxd4 19. Bxc6 Qxc6 20. cxd4
Kb8 21. Qd3 Be7 22. h5 Rc8 23. Kd1 fxe5 24. fxe5 Rhf8 25. Rf1 Bh4 26. Rxf8
Rxf8 27. Nf1 Qa4+ 28. b3 Rxf1+ 29. Qxf1 Qxd4+ 30. Kc2 Qxa1 31. Qf7 Kc7 32.
Qf4 Be7 33. Qg4 Qa2+ 34. Kc3 Bxa3 35. Bxa3 Qxa3 36. Qxg7 Qc1+ 37. Kd3 Qd1+
0-1

[Event "IX EICC"]
[Site "Plovdiv BUL"]
[Date "2008.04.26"]
[Round "6"]
[White "Perunovic,Mio"]
[Black "Hadzimanolis,A"]
[Result "1-0"]
[WhiteElo "2420"]
[BlackElo "2293"]
[EventDate "2008.04.21"]

1. d4 d5 2. c4 e6 3. Nc3 Nf6 4. cxd5 exd5 5. Bg5 Be7 6. e3 O-O 7. Bd3 Re8
8. Nf3 Nbd7 9. Qc2 Nf8 10. O-O c6 11. Rab1 Ne4 12. Bxe7 Qxe7 13. b4 a6 14.
a4 Bg4 15. Bxe4 dxe4 16. Nd2 f5 17. b5 axb5 18. axb5 Qg5 19. Kh1 Re6 20.
Rg1 Rh6 21. Nf1 Re8 22. bxc6 bxc6 23. Rb7 Kh8 24. Qb3 Ng6 25. Rb8 Qe7 26.
Qb7 Qf8 27. Rxe8 Qxe8 28. h3 f4 29. Nh2 Bf5 30. Ra1 f3 31. Ra8 1-0

[Event "IX EICC"]
[Site "Plovdiv BUL"]
[Date "2008.04.26"]
[Round "6"]
[White "Milchev,N"]
[Black "Milovic,J"]
[Result "1-0"]
[WhiteElo "2415"]
[BlackElo "2280"]
[EventDate "2008.04.21"]

1. Nf3 Nf6 2. c4 g6 3. Nc3 Bg7 4. d4 O-O 5. e4 d6 6. h3 e5 7. dxe5 dxe5 8.
Be3 Nc6 9. Be2 Be6 10. O-O Qc8 11. Ng5 Rd8 12. Nd5 Bd7 13. f4 h6 14. fxe5
Nxd5 15. cxd5 hxg5 16. dxc6 Be6 17. Qc2 Bxe5 18. Qc5 Bf4 19. Bxf4 gxf4 20.
Rxf4 Rd2 21. Bg4 Bxg4 22. Rxg4 bxc6 23. Rf1 Qd7 24. e5 Rxb2 25. Rf6 Rb5 26.
Qe3 Qd1+ 27. Kh2 Qd5 28. e6 Qd6+ 29. Rg3 Qe5 30. exf7+ Kg7 31. Rfxg6+ Kxf7
32. Qh6 Rf8 33. Rg7+ 1-0

[Event "IX EICC"]
[Site "Plovdiv BUL"]
[Date "2008.04.26"]
[Round "6"]
[White "Todorovic,J"]
[Black "Pavlidis,Ana"]
[Result "1/2-1/2"]
[WhiteElo "2406"]
[BlackElo "2280"]
[EventDate "2008.04.21"]

1. e4 e5 2. Nf3 Nc6 3. Bb5 a6 4. Ba4 Nf6 5. O-O Be7 6. Qe2 b5 7. Bb3 d6 8.
c3 O-O 9. Rd1 Bb7 10. d4 Qc8 11. Nbd2 Re8 12. d5 Na5 13. Bc2 c6 14. b4 Nc4
15. Nxc4 bxc4 16. dxc6 Qxc6 17. Bg5 Rad8 18. Bxf6 Bxf6 19. Nd2 Rc8 20. Nf1
Bg5 21. Qg4 h6 22. h4 f5 23. Qxf5 Bxh4 24. Ne3 Rc7 25. Qg6 Rf7 26. Nf5 Rxf5
27. Qxf5 Qb6 28. Rd2 1/2-1/2

[Event "IX EICC"]
[Site "Plovdiv BUL"]
[Date "2008.04.26"]
[Round "6"]
[White "Elkin,L"]
[Black "Filev,G"]
[Result "0-1"]
[WhiteElo "2213"]
[BlackElo "2392"]
[EventDate "2008.04.21"]

1. Nf3 c5 2. c4 Nc6 3. Nc3 Nf6 4. d4 cxd4 5. Nxd4 g6 6. e4 Bg7 7. Be3 d6 8.
Be2 O-O 9. O-O a5 10. Ndb5 Nd7 11. Qd2 a4 12. Rad1 Qa5 13. f4 Ra6 14. Kh1
Kh8 15. g4 Nf6 16. g5 Ng8 17. h4 f5 18. h5 gxh5 19. Bxh5 fxe4 20. Qh2 Bf5
21. Rd5 e6 22. Rxd6 a3 23. Rd7 Qb4 24. bxa3 Rxa3 25. Rb1 Qxb1+ 26. Nxb1
Rxe3 27. Kg2 e5 28. Rxb7 exf4 29. Qxf4 Bh3+ 30. Kf2 Rf3+ 31. Qxf3 exf3 32.
Nd2 Be6 33. Bxf3 Ne5 34. Nd6 Nxf3 35. Nxf3 Be5 36. Ne4 Bxc4 37. Ke3 Bf4+
38. Kd4 Bxa2 39. Ra7 Rd8+ 40. Kc3 Bb1 41. Nf6 Nxf6 42. gxf6 Rf8 43. Ra6 Be4
44. Ra4 Bxf3 45. Rxf4 Bh5 46. Kd4 Re8 47. Kd5 Kg8 0-1

[Event "IX EICC"]
[Site "Plovdiv BUL"]
[Date "2008.04.26"]
[Round "6"]
[White "Lilov,Valeri"]
[Black "Goumas,G"]
[Result "1-0"]
[WhiteElo "2385"]
[BlackElo "2234"]
[EventDate "2008.04.21"]

1. e4 c5 2. Nc3 a6 3. g3 b5 4. Bg2 Bb7 5. d3 e6 6. f4 d5 7. e5 b4 8. Nce2
Nc6 9. Nf3 Nge7 10. Be3 Nf5 11. Bf2 Be7 12. O-O h5 13. h3 Qb6 14. c3 a5 15.
Qd2 Ba6 16. Rfc1 Rb8 17. b3 f6 18. g4 hxg4 19. hxg4 Nh6 20. exf6 gxf6 21.
Nh2 Bd6 22. d4 Bxe2 23. dxc5 Bxc5 24. Qxe2 Bxf2+ 25. Qxf2 Kd7 26. c4 Qxf2+
27. Kxf2 d4 28. Re1 Rbe8 29. Rad1 Rhg8 30. Rg1 e5 31. Bd5 Rg7 32. g5 fxg5
33. fxg5 Nf5 34. Ng4 Kc7 35. Rde1 Rf8 36. Nf6 Ne3 37. Kf3 Ne7 38. Ke4 N3xd5
39. cxd5 Kd6 40. Rc1 Rh8 41. Rh1 Rxh1 42. Rxh1 Rxg5 43. Rh8 Nf5 44. Ra8
Ng3+ 45. Kd3 Rf5 46. Ra6+ Ke7 47. Re6+ Kf7 48. Ng4 Rf3+ 49. Kc4 Rc3+ 50.
Kb5 d3 51. Nxe5+ Kg7 52. Nf3 Nf5 53. Re1 Rc2 54. Rd1 Rxa2 55. Rxd3 Ra3 56.
Ne5 Nd6+ 57. Kc6 Nf5 58. Kb5 Nd6+ 59. Kc5 Ne4+ 60. Kd4 Nc3 61. Nc4 Rxb3 62.
Ke5 Rb1 63. d6 Re1+ 64. Ne3 b3 65. d7 b2 66. d8=Q 1-0